| 000 | 00535nam a2200145Ia 4500 | ||
|---|---|---|---|
| 008 | 140724s9999 xx 000 0 und d | ||
| 050 |
_aBF 575 _b.B186 2010 |
||
| 100 | _aBalinghasay, Paolo Jose C. | ||
| 245 |
_aCase studies of selected members of the aftercare phase in self-enhancement for life (SELF) Philippines / _cPaolo Jose C. Balinghasay. |
||
| 260 |
_aLas PiƱas, Philippines : _bSouthville International School and Colleges, _cc2010. |
||
| 300 |
_a98 p. : _c28 cm. |
||
| 521 | _aPsychology | ||
| 942 | _cTH | ||
| 999 |
_c229021 _d229021 |
||